000 00847nam a2200217Ii 4500
003 JO-AjNU
008 230605s9999||||xx |||||||||||||| ||und||
017 _a1992/11/806
040 _aJO-AjNU
_bara
_erda
_cJO-AjNU
041 _aara
050 1 4 _aDS39.R5548 1992
100 3 _aالريماوي، سهيلة,
_eauthor
_918492
245 0 0 _aالاتجاهات الفكرية للثورة العربية الكبرى من خلال جريدة القبلة
264 3 1 _aعمان: منشورات لجنة تاريخ الاردن، 1992
300 _a84ص
336 _atext
_btxt
_2rdacontent
337 _aunmediated
_bn
_2rdamedia
338 _avolume
_bnc
_2rdacarrier
490 0 _aسلسلة البحوث والدراسات المتخصصة؛ 5
650 4 _aالثورة العربية الكبرى-الخسين بن علي -تاريخ
_918493
999 _aA5924
_c9492
_d9492